[Event "IV Niterói Chess Open 2024"]
[Site "Rio de Janeiro"]
[Date "2024.08.29"]
[Round "3"]
[Board "39"]
[White "Nascimento, Bianca Alencar De S."]
[Black "Santos, Abel Cardoso Dos"]
[Result "0-1"]
[WhiteElo "1621"]
[BlackElo "1923"]
[Annotator "Chessbase"]
[PlyCount "66"]
[EventDate "2024.08.28"]
[EventRounds "7"]
[EventCountry "BRA"]

1. e4 e5 2. Nf3 Nc6 3. Bc4 Nf6 4. d3 Bc5 5. Bg5 h6 6. Bh4 d6 7. c3 Bb6 8. b4 ({RR} 8. Nbd2 Bd7 9. a4 a6 10. O-O Qe7 11. b4 a5 12. b5 Nd8 13. d4 Bg4 14. Re1 Ne6 15. h3 Bxf3 16. Nxf3 Nf4 17. Qb3 O-O-O 18. Rad1 Rdf8 19. Bd5 g5 20. Bg3 N6h5 21. Kh1 Qf6 22. Nh2 Nxg3+ {1-0 Vallejo Pons,F (2667)-Inarkiev,E (2658) Chess Stars 3.0 Rapid 2023 (5.4)}) ({RR} 8. Nbd2 Ne7 9. Bxf6 gxf6 10. Qb3 Rh7 11. O-O Ng6 12. Kh1 h5 13. a4 a6 14. d4 h4 15. Rfe1 Nf4 16. Nf1 Bg4 17. Ne3 Qd7 18. a5 h3 19. Bf1 hxg2+ 20. Bxg2 Bxf3 21. axb6 Qh3 {0-1 Korchmar,V (2429)-Le Tuan Minh (2564) Titled Tue 13th Aug Early 2024 (11)}) 8... Bg4 9. Nbd2 a6 $146 ({RR} 9... Qe7 10. Bb3 g5 11. Bg3 Nh5 12. Nc4 Nf4 13. Bxf4 gxf4 14. a4 a5 15. b5 Nd8 16. Nxb6 cxb6 17. h3 Bh5 18. g4 fxg3 19. fxg3 Rc8 20. g4 Bg6 21. Rc1 h5 22. g5 h4 23. Qd2 Ne6 24. Bxe6 {1-0 Rodrigue Lemieux,S (2072)-Mitusov,S (1752) Wch U12 Batumi 2016 (5)}) 10. Qb3 Qe7 11. a4 Ba7 12. a5 Nd8 13. h3 Bd7 14. Nf1 c6 15. Ne3 g5 16. Bg3 Nh5 17. Bh2 Nf4 18. g4 Nxh3 19. Bxe5 dxe5 20. Rxh3 Bxe3 21. fxe3 Bxg4 22. Rg3 Bxf3 23. Rxf3 g4 24. Rf5 Qh4+ 25. Ke2 f6 26. Bf7+ Ke7 27. Bg6 g3 28. Bh5 Qh2+ 29. Kf3 g2 30. Qd1 Ne6 31. Bg4 h5 32. Rxh5 Rxh5 33. Bxh5 Ng5+ 0-1

[Event "IV Niterói Chess Open 2024"]
[Site "Rio de Janeiro"]
[Date "2024.09.01"]
[Round "7"]
[Board "50"]
[White "Dos Santos, Jackson De Souza Teles"]
[Black "Vargas, Victor Da Silva"]
[Result "1-0"]
[WhiteElo "1773"]
[BlackElo "1684"]
[Annotator "Chessbase"]
[PlyCount "67"]
[EventDate "2024.08.28"]
[EventRounds "7"]
[EventCountry "BRA"]

1. e4 {Kertesz,Alfred} e5 2. Nf3 Nc6 3. Bc4 Bc5 4. c3 Nf6 5. d4 exd4 6. cxd4 Bb4+ 7. Bd2 Bxd2+ 8. Nbxd2 d5 9. exd5 Nxd5 10. O-O O-O 11. Re1 Bg4 12. h3 Bh5 13. Bxd5 $146 ({RR} 13. g4 Bg6 14. Nb3 Ndb4 15. Re2 Kh8 16. a3 Nd5 17. Ne5 Nxe5 18. Rxe5 Nf4 19. Qf3 f6 20. Rb5 Qd6 21. Bd5 c6 22. Rxb7 cxd5 23. Rc1 Be4 24. Qc3 Ne2+ {0-1 Salazar,E-Lopez Ortiz,J Pan American-ch U12 2002 (2)}) ({RR} 13. Rc1 Nb6 14. Be2 Re8 15. Nb3 Qd6 16. Nc5 Bxf3 17. Bxf3 Nxd4 18. Bxb7 Rad8 19. Be4 Qf4 20. g3 Qf6 21. Nb7 Rc8 22. Rc3 g6 23. Rd3 c5 24. Nxc5 Rxc5 25. Rxd4 Rce5 26. Re3 Qe7 27. Qd2 Kg7 {½-½ Mathe,G (2316)-Trbojevic,M (2373) CRO-chT1B Bol 2014 (5.4)}) ({RR} 13. a3 Nb6 14. Be2 Re8 15. Rc1 Qf6 16. Bb5 Rxe1+ 17. Qxe1 Nxd4 18. Nxd4 Qxd4 19. Rxc7 Rd8 20. Nf1 a6 21. Be2 Qe5 22. Rc2 Bg6 23. Rc1 Qxb2 24. Bf3 Qxa3 25. Rc7 Rd7 26. Rxb7 Rxb7 27. Bxb7 h6 {0-1 Fernandez Garcia,G (2172)-Abdilkhair,A (2268) Titled Tue 28th Feb Early 2023 (9)}) ({RR} 13. Be2 Nf4 14. Nb3 Nxe2+ 15. Qxe2 Bxf3 16. Qxf3 Nxd4 17. Nxd4 Qxd4 18. Qxb7 Rab8 19. Qxc7 Rxb2 20. Qg3 h6 21. Red1 Rd2 22. Rxd2 Qxd2 23. Qe3 Qxe3 24. fxe3 Re8 25. Kf2 f5 26. Rc1 Re5 27. Kf3 Ra5 {½-½ Teng,D (1352)-Mihaylov,B (1123) EU-ch Hybrid U08 2021 (2)}) ({RR} 13. Qc2 Ndb4 14. Qc3 Bg6 15. Rac1 Qd6 16. a3 Nd5 17. Bxd5 Qxd5 18. b4 Rad8 19. Nb3 Rd7 20. Nc5 Re7 21. Nxb7 Rxe1+ 22. Rxe1 Nxd4 23. Qxd4 Qxb7 24. Re7 Qb8 25. Qc4 Rc8 26. Ne5 Rf8 27. Nd7 Qd8 {½-½ Buehl,G-Zoellner,E DSB Team U20-ch 1978 (5.5)}) 13... Qxd5 14. Qb3 Qxb3 15. axb3 Rfd8 16. Re4 f6 17. Rc1 Rd7 18. g4 Bf7 19. h4 a5 20. Rf4 a4 21. bxa4 Rxa4 22. g5 fxg5 23. hxg5 Rb4 24. Ra1 g6 25. Ne4 Kg7 26. Nc5 Rd5 27. Rb1 Nxd4 28. Rxd4 Rxg5+ 29. Nxg5 Rxd4 30. Nge6+ Bxe6 31. Nxe6+ Kf6 32. Nxd4 c5 33. Nf3 Ke6 34. Rd1 1-0

[Event "IV Niterói Chess Open 2024"]
[Site "Rio de Janeiro"]
[Date "2024.08.31"]
[Round "6"]
[White "Filgueiras, Nathan Felipe"]
[Black "Terao, Juliana Sayumi"]
[Result "1-0"]
[WhiteElo "2316"]
[BlackElo "2161"]
[Annotator "Chessbase"]
[PlyCount "60"]
[EventDate "2024.08.28"]
[EventRounds "7"]
[EventCountry "BRA"]

1. e4 e5 2. Nf3 Nc6 3. Bc4 Bc5 4. O-O Nf6 5. d3 a6 6. Bb3 d6 7. c3 Ba7 8. Nbd2 O-O 9. h3 h6 10. Re1 Re8 11. Nf1 Be6 12. Bc2 d5 13. exd5 Bxd5 14. Ng3 Qd7 15. Nh4 Rad8 16. Nhf5 Ne7 17. Rxe5 ({RR} 17. Nxg7 Kxg7 18. Bxh6+ Kxh6 19. Qd2+ Kh7 20. Qg5 Qc6 21. Rxe5 Ng6 22. Nf5 Bxf2+ 23. Kh2 Bg3+ 24. Kxg3 Ne4+ 25. dxe4 Kg8 26. Qh6 Qf6 27. Rxe8+ Rxe8 28. exd5 c6 29. dxc6 Qe5+ 30. Kf2 Qc5+ 31. Kf1 Qc4+ {1-0 Leiva,G (2406)-Zhurbinsky,D (2147) Titled Tue 30th Apr Late 2024 (4)}) 17... Nxf5 18. Rxf5 Re6 19. Bf4 $146 ({RR} 19. d4 Rde8 20. Bd2 c5 21. Be3 cxd4 22. Bxd4 Re1+ 23. Qxe1 Rxe1+ 24. Rxe1 Bxd4 25. cxd4 Be6 26. Rf4 Qc7 27. Rxf6 gxf6 28. Bb3 Bxb3 29. axb3 Qd7 30. Rd1 Qd5 31. Rd3 Kf8 32. Nf1 Qb5 33. Rf3 Qb6 {0-1 Dominguez Perez,L (2763)-Abdusattorov,N (2608) Chess24 Banter Blitz Cup 2019 (2.5)}) 19... Qe7 20. d4 c5 21. Re5 g6 22. Rxe6 Bxe6 23. Ne2 Bc4 24. Bd3 Bxd3 25. Qxd3 g5 26. Be3 Nd5 27. Ng3 cxd4 28. Bxd4 Nf4 29. Qe3 Qxe3 30. fxe3 Ra8 1-0

[Event "IV Niterói Chess Open 2024"]
[Site "Rio de Janeiro"]
[Date "2024.08.28"]
[Round "1"]
[Board "34"]
[White "Gomes, Carlos"]
[Black "Guimaraes, Artemis Pamela"]
[Result "0-1"]
[WhiteElo "1695"]
[BlackElo "2002"]
[Annotator "Chessbase"]
[PlyCount "66"]
[EventDate "2024.08.28"]
[EventRounds "7"]
[EventCountry "BRA"]

1. e4 e5 2. Nf3 Nc6 3. Bc4 Nf6 4. d3 h6 5. c3 d6 6. h3 Na5 7. Bb5+ c6 8. Ba4 b5 9. Bc2 c5 10. a3 Be6 $146 ({RR} 10... Bb7 11. b4 Nc6 12. O-O a5 13. bxc5 dxc5 14. Be3 Bd6 15. Nh2 Qd7 16. Nd2 a4 17. Ndf3 O-O 18. Nh4 Ne7 19. Qd2 Kh7 20. Bd1 Ng6 21. Nf5 Nf4 22. Ng4 Qd8 23. g3 h5 24. Nxf6+ Qxf6 25. Nxd6 {1-0 Crucioli,M-Luna,G Academia Cup op 1997}) 11. b4 Nc6 12. Bb2 a5 13. bxc5 dxc5 14. Nbd2 Be7 15. O-O Qc7 16. d4 cxd4 17. cxd4 Nxd4 18. Nxd4 exd4 19. Bxd4 Rd8 20. Bb2 Bc4 21. Re1 Qf4 22. Bc1 Bc5 23. Qf3 Qe5 24. Rb1 Ba2 25. Bb2 Qg5 26. Bxf6 gxf6 27. Rxb5 Rxd2 28. Rxc5 Qxc5 29. Qxf6 Rxc2 30. Rd1 Qxf2+ 31. Qxf2 Rxf2 32. Kxf2 Ke7 33. Rd4 Rc8 0-1

[Event "IV Niterói Chess Open 2024"]
[Site "Rio de Janeiro"]
[Date "2024.08.28"]
[Round "1"]
[Board "35"]
[White "Silveira, Rogerio Zanon Da"]
[Black "Nascimento, Kaio Vinicius Da Trindade"]
[Result "0-1"]
[WhiteElo "1999"]
[BlackElo "1693"]
[Annotator "Chessbase"]
[PlyCount "92"]
[EventDate "2024.08.28"]
[EventRounds "7"]
[EventCountry "BRA"]

1. e4 e5 2. Nf3 Nf6 3. Nc3 Nc6 4. Bc4 Nxe4 5. Nxe4 d5 6. Bd3 dxe4 7. Bxe4 Bd6 8. h3 ({RR} 8. Qe2 O-O 9. d3 Nd4 10. Nxd4 exd4 11. O-O c6 12. c3 Re8 13. Qc2 Be6 14. Bd2 Bc7 15. Rfe1 dxc3 16. bxc3 Bd5 17. Bxd5 Qxd5 18. d4 h6 19. Qb3 Qxb3 20. axb3 a6 21. Be3 f5 22. g3 Kf7 {0-1 Roos,L (2350)-Marciano,D (2430) FRA Cup Epinal 1995}) 8... h6 ({RR} 8... O-O 9. O-O Be6 10. c3 f5 11. Bc2 Qf6 12. Bb3 Bf7 13. d3 h6 14. Re1 Rad8 15. Bxf7+ Rxf7 16. Qb3 b6 17. Qa4 Bf8 18. Qc4 Kh8 19. Be3 f4 20. Bd2 Rfd7 21. d4 Na5 22. Qb5 Rd5 23. dxe5 {0-1 Buchwald,S (1187)-Karij,P (1450) CRO-ch U15 Girls 2022 (3)}) 9. Bxc6+ $146 ({RR} 9. O-O O-O 10. Re1 Qf6 11. c3 Bf5 12. Qe2 Bxe4 13. Qxe4 Qg6 14. Qxg6 fxg6 15. d3 Rf7 16. Be3 Rd8 17. Rad1 Rfd7 18. Kf1 g5 19. Bc1 Bf8 20. Nxe5 Nxe5 21. Rxe5 Rxd3 22. Rxd3 Rxd3 23. Ke2 Rd7 {½-½ Mascarinas,R-Zheng,J CHN-PHI m Hangzhou 1975 (6.7)}) 9... bxc6 10. d4 exd4 11. Qxd4 O-O 12. O-O c5 13. Qc3 Bb7 14. b3 Be7 15. Rb1 Bf6 16. Qxc5 Bxf3 17. gxf3 Qd7 18. Kg2 Rfe8 19. Bf4 Re2 20. Rbd1 Qe6 21. Rd2 Rxd2 22. Bxd2 Be7 23. Qe3 Qg6+ 24. Kh1 Bg5 25. f4 Qc6+ 26. f3 Re8 27. Qf2 Bf6 28. Re1 Rd8 29. Be3 Rd5 30. Re2 Rh5 31. Kh2 Qd7 32. Qg2 Rh4 33. Bf2 Rxf4 34. Bg3 Rf5 35. c4 h5 36. Re4 c5 37. Qe2 h4 38. Bxh4 Rh5 39. Qe1 g5 40. Bg3 Qxh3+ 41. Kg1 Bc3 42. Re8+ Kh7 43. Qe4+ Kh6 44. Qc6+ Kg7 45. Be5+ Bxe5 46. Rxe5 Qg3+ 0-1

[Event "IV Niterói Chess Open 2024"]
[Site "Rio de Janeiro"]
[Date "2024.08.30"]
[Round "4"]
[Board "60"]
[White "Vaz, Vania Dora Madona"]
[Black "Cardoso, Rafaela Martins"]
[Result "0-1"]
[WhiteElo "1502"]
[BlackElo "1657"]
[Annotator "Chessbase"]
[PlyCount "60"]
[EventDate "2024.08.28"]
[EventRounds "7"]
[EventCountry "BRA"]

1. e4 e5 2. Nf3 Nc6 3. Bc4 Nf6 4. d3 h6 5. c3 d5 6. exd5 Nxd5 7. O-O Be6 8. Bb5 ({RR} 8. Re1 Bd6 9. b4 a6 10. Qb3 Nce7 11. a4 c6 12. a5 Qc7 13. Nbd2 Ng6 14. g3 O-O 15. d4 f6 16. Qc2 Qf7 17. Bd3 Nde7 18. Ne4 Bc7 19. c4 Bh3 20. c5 Rad8 21. Bb2 Kh8 22. Rad1 Nd5 {1-0 Bindzus,E (1946)-Berisha,X (1683) IBCA European Individuals 2024 (4.19)}) 8... Bd6 9. Re1 Qf6 10. Nbd2 O-O $146 ({RR} 10... Nf4 11. Ne4 Qg6 12. Bxf4 exf4 13. Nxd6+ cxd6 14. d4 O-O 15. Qd2 Bh3 16. Bf1 Qg4 17. Kh1 Rae8 18. Ng1 Bxg2+ 19. Bxg2 f3 20. Nxf3 Re6 21. h3 Qf5 22. d5 Rxe1+ 23. Rxe1 Ne5 24. Nxe5 dxe5 25. Qe3 {1-0 Amed,S-Sgrecia,L ARG-ch sf U14 Girls 2004 (2)}) 11. Ne4 Qe7 12. Nxd6 cxd6 13. h3 f5 14. Bd2 Qf7 15. c4 Ndb4 16. Bxb4 Nxb4 17. a3 Nc6 18. Ba4 Rad8 19. Bxc6 bxc6 20. Qe2 Rfe8 21. Rad1 Re7 22. b4 Rde8 23. Qd2 f4 24. h4 Qg6 25. Kh2 Bg4 26. Rg1 Qh5 27. Rde1 Re6 28. Rh1 Bxf3 29. gxf3 Rg6 30. Kh3 Qxf3+ 0-1

[Event "IV Niterói Chess Open 2024"]
[Site "Rio de Janeiro"]
[Date "2024.08.29"]
[Round "2"]
[Board "33"]
[White "Sarmento, Flora Ferreira"]
[Black "Kanzler, Karina Daniela Ferreira"]
[Result "0-1"]
[WhiteElo "1608"]
[BlackElo "1874"]
[Annotator "Chessbase"]
[PlyCount "106"]
[EventDate "2024.08.28"]
[EventRounds "7"]
[EventCountry "BRA"]

1. e4 e5 2. Nf3 Nc6 3. Bc4 Nf6 4. Ng5 d5 5. exd5 Na5 6. Bb5+ c6 7. dxc6 bxc6 8. Qf3 Qb6 9. Nc3 ({RR} 9. Bd3 Be7 10. Nc3 O-O 11. O-O g6 12. Qe2 Qc7 13. Re1 Nd7 14. Nf3 Bd6 15. Ne4 Be7 16. Nc3 Bd6 17. b3 Nc5 18. Bb2 Re8 19. Ne4 Nxe4 20. Qxe4 f6 21. Bc3 Nb7 22. Bc4+ Kg7 23. d4 Bf5 {1-0 Vorobiov,E (2591)-Soltanici,R (2405) Moscow op-A 2009 (4)}) ({RR} 9. Bd3 h6 10. Ne4 Be7 11. O-O O-O 12. Nbc3 Be6 13. b3 Nxe4 14. Bxe4 f5 15. Bd3 e4 16. Bxe4 fxe4 17. Qxe4 Rf6 18. Bb2 Re8 19. Na4 Qb5 20. Bxf6 Bxf6 21. Nc3 Qg5 22. b4 Bf7 23. Qf3 Nc4 {1-0 Vu,K-Timm,J (1630) Reinstorf Blitz op 2022 (5)}) 9... Bg4 10. Nd5 $146 ({RR} 10. Qg3 Bd6 11. Bd3 Bc7 12. Nge4 Nxe4 13. Bxe4 f5 14. h3 Bh5 15. Qxg7 O-O-O 16. Bxf5+ Kb8 17. g4 Bg6 18. Bxg6 Rdg8 19. Qe7 hxg6 20. d3 Nb7 21. Qa3 Bd6 22. Qb3 Qd8 23. Be3 Ka8 24. Qa4 c5 {1-0 Malaschitz,R (1900)-Duraj,J (2040) Bratislava Novy Memorial 7th 1989 (7)}) ({RR} 10. Qg3 cxb5 11. Qxe5+ Kd7 12. O-O Re8 13. Qxb5+ Qxb5 14. Nxb5 Be2 15. Nxf7 Bxb5 16. Nxh8 Bxf1 17. Kxf1 Ke6 18. d4 Bb4 19. c3 Bd6 20. Ng6 hxg6 21. g3 Kd5 22. b3 Ne4 23. Bb2 Rf8 24. c4+ Nxc4 {0-1 Florian,J-Heimerdinger,J Kassel op 1998 (6)}) ({RR} 10. Qg3 cxb5 11. Qxe5+ Be7 12. Qxb5+ Bd7 13. Qe2 O-O 14. O-O Rfe8 15. Qf3 Bg4 16. Qe3 Bc5 17. Qf4 Bd6 18. Qa4 h6 19. Nge4 Nxe4 20. Nxe4 Bc7 21. d3 Qg6 22. Ng3 h5 23. Kh1 h4 24. Ne4 h3 {0-1 Grabowski,R-Krasiewicz,D POL-chT Mazovia 06/07 op 2006 (2.24)}) 10... Bxf3 11. Nxb6 axb6 12. Nxf3 e4 13. Nd4 cxb5 14. Nxb5 Rc8 15. c3 Be7 16. O-O O-O 17. f3 exf3 18. Rxf3 Ne4 19. d4 Nc4 20. b3 Ncd6 21. Nxd6 Bxd6 22. Bb2 Ra8 23. c4 Ba3 24. Bxa3 Rxa3 25. Re3 f5 26. g4 g6 27. gxf5 gxf5 28. Rd3 Rf7 29. d5 Nd6 30. Rg3+ Kf8 31. Rg2 Rfa7 32. Re1 Rxa2 33. Rxa2 Rxa2 34. Re6 Ne4 35. Rxb6 f4 36. Re6 Ra1+ 37. Kg2 f3+ 38. Kxf3 Ng5+ 39. Kg3 Nxe6 40. dxe6 Ke7 41. Kf4 Kxe6 42. c5 Rb1 43. h4 Rxb3 44. Kg5 Rb7 45. Kh6 Kd5 46. c6 Kxc6 47. Kh5 Kd5 48. Kg4 Ke5 49. Kg5 Rb4 50. h5 Rb6 51. h6 Rg6+ 52. Kh5 Kf4 53. Kh4 Rxh6# 0-1

[Event "IV Niterói Chess Open 2024"]
[Site "Rio de Janeiro"]
[Date "2024.08.28"]
[Round "1"]
[Board "56"]
[White "Chagas, Waldefran Clementino"]
[Black "Laba, Otavio De Souza"]
[Result "0-1"]
[WhiteElo "1800"]
[BlackElo "1918"]
[Annotator "Chessbase"]
[PlyCount "60"]
[EventDate "2024.08.28"]
[EventRounds "7"]
[EventCountry "BRA"]

1. e4 e5 2. Nf3 Nc6 3. Bb5 a5 4. Ba4 ({RR} 4. O-O Nd4 5. Bc4 Nxf3+ 6. Qxf3 Nf6 7. d4 d6 8. Nc3 exd4 9. Nb5 Be6 10. Bxe6 fxe6 11. Nxd4 e5 12. Ne6 Qd7 13. Qb3 c6 14. f4 Nxe4 15. fxe5 a4 16. Qh3 Nc5 17. Qh5+ g6 18. Nxc5 gxh5 {½-½ Bartel,M (2609)-Pechac,J (2611) 5th Prague Challengers 2023 (4.4)}) ({RR} 4. O-O d6 5. d4 exd4 6. Nxd4 Bd7 7. c4 Nf6 8. Nc3 Be7 9. f3 O-O 10. Be3 Ne5 11. Bxd7 Nfxd7 12. Qe2 a4 13. Nd5 Re8 14. f4 Nc6 15. Nb5 Rc8 16. Qc2 Bf8 17. Bd2 Nc5 18. Rae1 Nd4 {1-0 Ai,E (2188)-Bakhrillaev,B (2325) Titled Tue 6th Feb Early 2024 (7)}) 4... Bc5 $146 ({RR} 4... Nf6 5. O-O b5 6. Bb3 Bb7 7. Re1 Bc5 8. c3 d6 9. d4 Bb6 10. Be3 h6 11. h3 O-O 12. Nbd2 Qe7 13. Nh4 Rfe8 14. Nf5 Qf8 15. Qf3 Ne7 16. Nxh6+ gxh6 17. Qxf6 Qg7 18. dxe5 dxe5 19. Qxh6 {1-0 Dervishi,E (2380)-Anerousis,P Elitia op Mitilini 1997 (4)}) ({RR} 4... Nf6 5. d3 b5 6. Bb3 Be7 7. c3 d6 8. Nbd2 O-O 9. Bc2 Bg4 10. h3 Bh5 11. Nf1 h6 12. Ng3 Bg6 13. Be3 Nh5 14. Nxe5 {1-0 Estrada Gaspar,N (2086)-Mohammed,J (1913) WMSG Blitz Team 1st (Women) 2008 (5)}) ({RR} 4... Nf6 5. O-O Be7 6. Re1 b5 7. Bb3 d6 8. c3 O-O 9. h3 Bb7 10. d4 Re8 11. Nbd2 Bf8 12. a3 Nb8 13. Bc2 Nbd7 14. b4 c6 15. Bb2 g6 16. Bd3 Bg7 17. Qc2 Rc8 18. dxe5 dxe5 19. c4 {1-0 Manik,M (2426)-Marek,S (2253) SVK-chT2D 0910 2009 (10.4)}) 5. c3 Nge7 6. O-O Ba7 7. d4 Ng6 8. g3 O-O 9. h4 d6 10. Kg2 Bg4 11. d5 f5 12. dxc6 fxe4 13. Qd5+ Kh8 14. Ng5 bxc6 15. Nf7+ Rxf7 16. Qxf7 Nxh4+ 17. Kh1 Bf3+ 18. Kh2 Bg2 19. Rg1 e3 20. Bxe3 Bd5 21. Qh5 Nf3+ 22. Kh1 Bxe3 23. fxe3 Qf6 24. Na3 g6 25. Qh6 Ne1+ 26. e4 Qf3+ 27. Kh2 Qf2+ 28. Kh3 Be6+ 29. g4 Qxg1 30. Qg5 Qg2+ 0-1

[Event "IV Niterói Chess Open 2024"]
[Site "Rio de Janeiro"]
[Date "2024.08.29"]
[Round "2"]
[Board "44"]
[White "Hubner, Jessica Trindade"]
[Black "Firmo, Zaihr Goncalves"]
[Result "1-0"]
[WhiteElo "1845"]
[BlackElo "1670"]
[Annotator "Chessbase"]
[PlyCount "43"]
[EventDate "2024.08.28"]
[EventRounds "7"]
[EventCountry "BRA"]

1. e4 e5 2. Nf3 Nc6 3. Bb5 Nf6 4. O-O d6 5. d4 Bd7 6. Re1 a6 7. Bc4 b5 8. Bd5 Nxd5 9. exd5 Ne7 10. dxe5 dxe5 $146 ({RR} 10... Bg4 11. Bf4 Bxf3 12. Qxf3 dxe5 13. Bxe5 Qxd5 14. Qxd5 Nxd5 15. Bxg7+ Be7 16. Nc3 Nxc3 17. Bxc3 Rg8 18. Bf6 Rg6 19. Bxe7 {1-0 Sokolovsky,V (1866)-Cherniavskaya,K (1357) Voronezh op-B 22nd 2018 (1)}) 11. Nxe5 g6 12. Qf3 Bf5 13. Nc6 Qd6 14. Bf4 Qc5 15. Nxe7 Bxe7 16. d6 O-O 17. dxe7 Rfe8 18. c3 Rab8 19. Re5 Qc4 20. Rxf5 Rxe7 21. Nd2 Rbe8 22. h3 1-0

[Event "IV Niterói Chess Open 2024"]
[Site "Rio de Janeiro"]
[Date "2024.08.31"]
[Round "6"]
[White "Baptista, Andre Kemper"]
[Black "Dos Santos, Leonardo Lopes"]
[Result "1-0"]
[WhiteElo "1913"]
[BlackElo "1860"]
[Annotator "Chessbase"]
[PlyCount "139"]
[EventDate "2024.08.28"]
[EventRounds "7"]
[EventCountry "BRA"]

1. e4 e5 2. Nf3 Nf6 3. Nc3 Nc6 4. Bb5 d6 5. d4 exd4 6. Nxd4 Bd7 7. Nxc6 Bxc6 8. Bxc6+ bxc6 9. O-O Be7 10. Re1 O-O 11. Bg5 ({RR} 11. e5 dxe5 12. Qxd8 Raxd8 13. Rxe5 Bd6 14. Re1 Rfe8 15. Rxe8+ Rxe8 16. g3 Re1+ 17. Kg2 Nd5 18. Nxd5 cxd5 19. b3 Re2 20. c4 dxc4 21. bxc4 c5 22. Be3 Kf8 23. Rd1 Ke7 24. a4 Ra2 25. Re1 Kd7 {0-1 Pranav,D-Sokolov,M (1068) Kaspersky op U16 blitz 2021 (6)}) 11... Rb8 12. Rb1 Re8 13. Qf3 $146 ({RR} 13. Qe2 Nd7 14. Bxe7 Rxe7 15. b3 d5 16. Rbd1 dxe4 17. Nxe4 Kf8 18. Qd2 Qe8 19. Ng3 Rxe1+ 20. Rxe1 Qc8 21. Nf5 h6 22. Ne7 Qb7 23. Qxd7 Qb4 24. Kf1 Re8 25. Ng6+ Kg8 26. Qxe8+ Kh7 27. Nf8+ {1-0 Kratochvil,J-Krumpholz,J CZE-ch U10 Svetla nad Sazavou 1999 (2)}) 13... Nd7 14. Bxe7 Qxe7 15. Qe3 a5 16. b3 Nc5 17. a4 Rb4 18. Qd2 Qf6 19. f3 Ne6 20. Na2 Rb6 21. Qxa5 Qd4+ 22. Kh1 Qf2 23. Rbc1 Nd4 24. Nb4 h6 25. Nd3 Qh4 26. Qd2 c5 27. Qf4 Qe7 28. e5 dxe5 29. Rxe5 Re6 30. Rxe6 Qxe6 31. Qd2 Qc6 32. Re1 Rxe1+ 33. Nxe1 Qe6 34. Kg1 h5 35. Kf2 Qe5 36. g3 h4 37. Nd3 hxg3+ 38. hxg3 Qh5 39. Ne1 Qh2+ 40. Ng2 Qh5 41. Qd3 Qh6 42. b4 Qb6 43. b5 c4 44. Qe3 Nxc2 45. Qxb6 cxb6 46. a5 bxa5 47. Ne3 Nb4 48. b6 Nc6 49. Nxc4 a4 50. Ke3 Kf8 51. Ke4 Ke7 52. Kd5 Kd7 53. Kc5 g5 54. f4 gxf4 55. gxf4 f6 56. Kb5 Nd4+ 57. Kxa4 Kc6 58. Ka5 Nb3+ 59. Ka6 Nc5+ 60. Ka7 Kd5 61. Na5 Ke4 62. Nb3 Nd7 63. b7 Kxf4 64. Nc5 Ne5 65. b8=Q Ke3 66. Qb3+ Kd4 67. Ne6+ Ke4 68. Nc5+ Kf5 69. Qc2+ Kg5 70. Ne6+ 1-0

[Event "IV Niterói Chess Open 2024"]
[Site "Rio de Janeiro"]
[Date "2024.09.01"]
[Round "7"]
[Board "19"]
[White "Nascimento, Luiz Eduardo Da Trindade"]
[Black "Dias, Matheus Braga"]
[Result "1/2-1/2"]
[WhiteElo "1872"]
[BlackElo "1953"]
[Annotator "Chessbase"]
[PlyCount "26"]
[EventDate "2024.08.28"]
[EventRounds "7"]
[EventCountry "BRA"]

{[%evp 0,26,22,27,34,24,49,-3,27,40,38,36,62,-29,-12,17,17,12,12,39,70,28,40,27,36,40,25,33,33]} 1. e4 e5 2. Nf3 Nc6 3. Bb5 Nf6 4. O-O Nxe4 5. d4 Nd6 6. dxe5 Nxb5 7. a4 Nbd4 8. Nxd4 Nxd4 9. Qxd4 d6 10. exd6 Qxd6 11. Qe4+ Qe6 12. Qd4 Qd6 {[#]} 13. Qe4+ $146 ({Predecessor:} 13. Qe3+ Be7 14. Nc3 c6 15. Re1 Be6 16. Ne4 Qc7 17. Nc5 Bxc5 18. Qxc5 Qe7 19. Qe5 O-O 20. Ra3 Rfe8 21. Rg3 f6 22. Qe2 Qd7 23. Be3 Bf7 24. h3 b6 25. Rd1 Qf5 26. Rd6 Re6 27. Qd2 Rxd6 28. Qxd6 Qe6 29. Qc7 Qc8 30. Qf4 Qe6 31. Bd4 Rd8 32. Bxf6 Rd1+ 33. Kh2 Bg6 34. Qb8+ Kf7 35. Bc3 h5 36. Qh8 {1-0 Grandelius,N (2664)-Navara,D (2678) Chess.com Play In Match Div 3 rapid 2024 (1.2)}) 13... Qe6 1/2-1/2

[Event "IV Niterói Chess Open 2024"]
[Site "Rio de Janeiro"]
[Date "2024.09.01"]
[Round "7"]
[Board "14"]
[White "Lins, Joao Pedro"]
[Black "Oliveira, Tiago Batista"]
[Result "0-1"]
[WhiteElo "1848"]
[BlackElo "1982"]
[Annotator "Chessbase"]
[PlyCount "72"]
[EventDate "2024.08.28"]
[EventRounds "7"]
[EventCountry "BRA"]

1. e4 e5 2. Nf3 Nc6 3. Bb5 a6 4. Bxc6 dxc6 5. d3 Qf6 ({RR} 5... Qd6 6. Be3 f6 7. Nbd2 Be6 8. d4 exd4 9. Nxd4 O-O-O 10. Nxe6 Qxe6 11. Qe2 Bd6 12. f4 Re8 13. O-O Nh6 14. a3 Rhg8 15. Rae1 g5 16. f5 Qe5 17. Qh5 Nf7 18. Qxf7 Qxh2+ 19. Kf2 Rgf8 20. Qc4 {1-0 Rozentalis,E (2613)-Zawadzka,J (2374) Cappelle op 29th 2013 (1)}) 6. Be3 ({RR} 6. h3 Bc5 7. Nbd2 Ne7 8. Nc4 Ng6 9. Be3 Bxe3 10. Nxe3 Be6 11. Qd2 O-O-O 12. a4 Nf4 13. O-O-O Nxg2 14. Nxg2 Qxf3 15. Ne3 Rd4 16. b3 Rhd8 17. Rhg1 g6 18. Rg3 Qf6 19. Qc3 Qxf2 20. Nf1 h5 {0-1 Mesquita,E (1958)-Kurchenko,E (2258) Titled Tue 23rd Jul Late 2024 (9)}) 6... Bg4 7. Nbd2 h6 $146 ({RR} 7... Bd6 8. h3 Bh5 9. g4 Bg6 10. Qe2 Ne7 11. O-O-O c5 12. Bg5 Qe6 13. Bxe7 Bxe7 14. Kb1 f6 15. c4 b5 16. Nh4 Bf7 17. Nf5 Bf8 18. Ne3 c6 19. f4 g6 20. Rhg1 Bd6 21. Nf3 Rf8 22. h4 {1-0 Kornilov,P (2049)-Kalugin,A (2048) Voronezh Winter 2006 (9)}) ({RR} 7... Ne7 8. h3 Be6 9. g4 g6 10. a3 h6 11. Qe2 O-O-O 12. g5 hxg5 13. Nxg5 Bh6 14. Nxe6 Qxe6 15. Nc4 Kb8 16. O-O-O Nc8 17. h4 Bxe3+ 18. Qxe3 Nd6 19. Nxd6 Qxd6 20. Rdf1 Qe6 21. Kb1 Rh5 22. f4 {½-½ Lau,J (1628)-Tang,T (1811) HKG-ch op Hong Kong 2015 (4)}) ({RR} 7... Bd6 8. c3 b6 9. Qc2 Ne7 10. O-O-O O-O 11. h3 Bd7 12. Rdg1 b5 13. g4 Qe6 14. Qb3 a5 15. Qxe6 Bxe6 16. Kb1 Ng6 17. d4 exd4 18. Nxd4 Bd7 19. h4 Ne5 20. g5 h5 21. N4f3 Ng4 22. Nf1 {½-½ Kueck,A (1076)-Peine,O (1521) Bremen-ch 2019 (2.27)}) 8. Qe2 Bd6 9. h3 Be6 10. Nc4 Ne7 11. O-O-O c5 12. Kb1 Nc6 13. Nxd6+ cxd6 14. g4 Nd4 15. Nxd4 cxd4 16. Bc1 Qd8 17. f4 Qa5 18. b3 f6 19. h4 O-O-O 20. g5 Kb8 21. gxh6 gxh6 22. h5 Rdg8 23. Rdg1 Bf7 24. f5 d5 25. Rxg8+ Bxg8 26. Rg1 dxe4 27. dxe4 Bf7 28. Qf3 Qc7 29. Rg6 Bxg6 30. fxg6 Rc8 31. Qf2 Qc3 32. Qd2 Qf3 33. Qxh6 Qxe4 34. Qd2 Qf5 35. Qh2 d3 36. cxd3 Qxd3+ 0-1